000 00538nam a2200181Ia 4500
008 100917s9999 xx 000 0 und d
082 _b64603
100 _aकुलकर्णी वि. य.
245 _aअनाथाचा नाथ
260 _bइंद्रायणी साहित्य
_c1983
300 _a205
365 _b25
520 _aकादंबरी
630 _aअनाथाचा नाथ
650 _aकादंबरी
730 _aअनाथाचा नाथ
942 _cBOOK
999 _c669997
_d669994